Podniky vyčkávajú na novelu novely zákona o lotériách

Novela zákona č. 194/1990 Zb. o lotériách vyžaduje od začiatku r. 2001 realizovať spotrebiteľské lotérie cez štátnu organizáciu Tipos, a.s. Bratislava. Ministerstvo financií SR argumentuje, že Slovensko tak splnilo jednu z podmienok vstupu do OECD. Niektorí poslanci však namietajú, že štát zavádza m...

Ausführliche Beschreibung

Gespeichert in:
Bibliographische Detailangaben
1. Verfasser: Medžová, Andrea
Format: Buchkapitel
Sprache:Slowakisch
Schlagworte:
Tags: Tag hinzufügen
Keine Tags, Fügen Sie das erste Tag hinzu!

MARC

LEADER 00000naa a2200000 4500
001 r040545
005 20230921111130.7
041 0 |a slo 
044 |a SK 
245 1 0 |a Podniky vyčkávajú na novelu novely zákona o lotériách  |c Andrea Medžová 
520 |a Novela zákona č. 194/1990 Zb. o lotériách vyžaduje od začiatku r. 2001 realizovať spotrebiteľské lotérie cez štátnu organizáciu Tipos, a.s. Bratislava. Ministerstvo financií SR argumentuje, že Slovensko tak splnilo jednu z podmienok vstupu do OECD. Niektorí poslanci však namietajú, že štát zavádza monopol štátnej organizácie Tipos do spotrebiteľských lotérií, obmedzuje vytvorenie zdravého konkurenčného prostredia. Štát tvrdí, že úlohou Tiposu je súťaže iba monitorovať. 
610 2 0 |a lotérie 
610 2 0 |a zákony 
610 2 0 |a novelizácia 
610 2 0 |a Slovensko 
610 2 0 |a monopoly 
610 2 0 |a konkurencia 
610 2 0 |a súťaže 
610 2 0 |a spotrebitelia 
610 2 0 |a Tipos, a.s. Bratislava 
100 1 |a Medžová, Andrea